|
|
|
|
| LEADER |
00944nam a2200313 4500 |
| 001 |
DLU090079043 |
| 005 |
##20090619 |
| 040 |
# |
# |
|a DLU
|b eng
|
| 041 |
# |
# |
|a eng
|
| 044 |
# |
# |
|a KR
|
| 100 |
# |
# |
|a Park, Chul-Won.
|
| 245 |
# |
# |
|a Numerical algorithm for power transformer protection /
|c Chul-Won Park, Hee-Seok Suh, Myong-Chul Shin.
|
| 653 |
# |
# |
|a Flux-differential current slope
|
| 653 |
# |
# |
|a Internal fault
|
| 653 |
# |
# |
|a Magnetizing inrush
|
| 653 |
# |
# |
|a Numerical algorithm
|
| 653 |
# |
# |
|a Power transformer protection
|
| 700 |
# |
# |
|a Shin, Myong-Chul.
|
| 700 |
# |
# |
|a Suh, Hee-Seok.
|
| 773 |
# |
# |
|t Power Engineering
|g Vol. 4-A, no. 3 (2004), p. 146-151
|
| 920 |
# |
# |
|a Phòng Tạp chí -- Trung tâm Thông tin - Thư viện Trường Đại học Đà Lạt
|
| 994 |
# |
# |
|a DLU
|
| 900 |
# |
# |
|a True
|
| 911 |
# |
# |
|a Trương Bảo Trâm Anh
|
| 925 |
# |
# |
|a G
|
| 926 |
# |
# |
|a A
|
| 927 |
# |
# |
|a BB
|
| 980 |
# |
# |
|a Thư viện Trường Đại học Đà Lạt
|